Football Teams Jérôme Boateng Played For - Statistics

General Stats
  • This quiz has been taken 48 times
  • The average score is 4 of 6
Answer Stats
League Years Team % Correct
Germany 2011-2021 FC Bayern München
100%
France 2021-2023 Olympique Lyonnais
88%
England 2010-2011 Manchester City
73%
Germany 2007-2010 Hamburger SV
66%
Germany 2007 Hertha BSC
39%
Germany 2006-2007 Hertha BSC II
34%
No matching quizzes found
Score Distribution
Percent of People with Each Score
Percentile by Number Answered
Your Score History
You have not taken this quiz